Geography Quiz

Random Geography or State Quiz
Score 0/17 Timer 06:00
28 Plays Today
% Correct
???
100%
???
92.6%
???
65.1%
???
63.5%
???
57.9%
???
49.3%
???
41.6%
???
39.8%
???
37.7%
% Correct
???
34.1%
???
29.5%
???
17.6%
???
16.7%
???
15%
???
11.4%
???
9.4%
???
7.6%
Remove Ads.
Support Sporcle.
Get the best of Sporcle when you Go Orange. This ad-free experience offers more features, more stats, and more fun while also helping to support Sporcle. Thank you for becoming a member.

You're not logged in!

Compare scores with friends on all Sporcle quizzes.
OR
Log In

Sporcle TV

Let's Play | US States Borders Quiz


Today, Maria is taking us from sea to shining sea on our US States Borders quiz!

Show Comments

Extras

Top Quizzes Today


Score Distribution

Your Account Isn't Verified!

In order to create a playlist on Sporcle, you need to verify the email address you used during registration. Go to your Sporcle Settings to finish the process.

Report this User

Report this user for behavior that violates our Community Guidelines.

Details: